| 000 | 00725cam a2200205 4500 | ||
|---|---|---|---|
| 001 | WB3615-23 | ||
| 008 | 000000n2000 000 0 eng u | ||
| 035 | _a(Sirsi) u105317 | ||
| 245 | _aInvestors favour end to 1954 Act | ||
| 260 | _c2000 | ||
| 490 |
_aEstates Gazette _v0014(8) April 2000, 39(1) |
||
| 520 | _aA poll of property industry executives reveals that they favour ditching the Landlord and Tenant Act 1954, because they blame the legislation for creating an adversarial relationship between landlord and tenant. | ||
| 590 | _aWB | ||
| 650 | _aLANDLORD AND TENANT ACT 1954 | ||
| 650 | _aSHORTER LEASES | ||
| 650 | _aINVESTORS | ||
| 650 | _aREFORM | ||
| 690 | _aLANDLORD AND TENANT-LEASES | ||
| 942 | _n0 | ||
| 999 |
_c63142 _d63142 |
||